Capitals Without the Letters of “Moscow” - Statistics

General Stats
  • This quiz has been taken 10 times
  • The average score is 23 of 49
Answer Stats
Continents Capitals % Correct
Europe Riga
89%
Asia Beijing
78%
Europe Berlin
78%
Europe Dublin
78%
Africa Rabat
78%
Europe Tallinn
78%
Africa Abuja
67%
Asia Ankara
67%
Europe Bern
67%
Asia Jakarta
67%
Europe Kiev
67%
Europe Ljubljana
67%
Europe Prague
67%
Europe Vaduz
67%
Europe Valletta
67%
Europe Vienna
67%
Asia Beirut
56%
Asia Ulaanbaatar
56%
Europe Zagreb
56%
Asia Abu Dhabi
44%
Asia Baghdad
44%
Asia Baku
44%
Africa Dakar
44%
Asia Dhaka
44%
Asia Dili
44%
Africa Harare
44%
North America Havana
44%
Africa Juba
44%
Asia Kabul
44%
Asia Riyadh
44%
Asia Taipei
44%
Europe Tirana
44%
Oceania Apia
33%
Africa Bangui
33%
Europe Belgrade
33%
Africa Brazzaville
33%
Africa Libreville
33%
Oceania Palikir
33%
Africa Praia
33%
Europe Reykjavik
33%
Asia Vientiane
33%
Africa Banjul
22%
Oceania Funafuti
22%
Africa Kigali
22%
Africa Luanda
22%
Oceania Yaren
22%
Asia Yerevan
22%
Africa Gitega
11%
Asia Tehran
11%
No matching quizzes found
Score Distribution
Percent of People with Each Score
Percentile by Number Answered
Your Score History
You have not taken this quiz